Treasure! King Herod's Lost City (Registro nro. 55902)

Detalles MARC
000 -ENCABEZADO
Número de control [NR] 00771nam a2200217Ia 4500
005 - FECHA Y HORA DE LA ÚLTIMA TRANSACCIÓN
control field 20140217111226.0
008 - DE LONGITUD FIJA DE DATOS DE ELEMENTOS - INFORMACIÓN GENERAL
Elementos de longitud fija [NR] 130821s1998 xx a gs eng
040 ## - FUENTE DE CATALOGACION [NR]
Agencia de catalogación original [NR] Co-BoUCM
Idioma de catalogación [NR] spa
041 00 - CODIGO DE IDIOMA [R]
Código de idioma para texto/pista de sonido o título separado [R] Inglés
092 ## - SIGNATURA TOPOGRAFICA LOCAL
Número de clasificación local DVD 0346
245 10 - MENCION DE TITULO [NR]
Título [NR] Treasure! King Herod's Lost City
Mención de responsabilidad, etc. [NR] [DVD]
260 ## - PUBLICACION, DISTRIBUCION, ETC. (PIE DE IMPRENTA) [R]
Lugar de publicación, distribución, etc. [R] [Lugar desconocido]
Nombre del editor, distribuidor, etc. [R] Greystyone Communications; A&E Network
Fecha de publicación, distribución, etc. [R] 1998
300 ## - DESCRIPCION FISICA [R]
Extensión [R] 1 DVD
Otros detalles físicos [NR] son., color
508 ## - NOTA DE CREDITOS DE CREACION/PRODUCCION [R]
Nota de créditos de creación/producción [NR] CREDITOS : Dirigida y Producida, Martin Kent; Productor Ejecutivo, Carig Haffner, Donna E. Lusitana; Editor, Margaret Moore; Narrador, Stuart Nelson.
546 ## - NOTA DE IDIOMA [R]
Nota de idioma [NR] Audio en Inglés.
650 04 - ASIENTO SECUNDARIO DE MATERIA - TERMINO TEMATICO [R]
Término temático o nombre geográfico como elemento de entrada [NR] Entretenimiento
9 (RLIN) 26487
700 ## - ASIENTO SECUNDARIO - NOMBRE PERSONAL [R]
Nombre personal [NR] Kent, Martin
Término de relación [R]
710 ## - ASIENTO SECUNDARIO - NOMBRE CORPORATIVO [R]
Nombre corporativo o de jurisdicción como elemento de entrada [NR] A&E Network
710 ## - ASIENTO SECUNDARIO - NOMBRE CORPORATIVO [R]
Nombre corporativo o de jurisdicción como elemento de entrada [NR] Greystyone Communications
942 ## - ELEMENTOS DE ENTRADA AGREGADOS (KOHA)
Tipo de ítem principal el descrito en 300a Multimedia
Sistema de clasificación LOCAL
Tema principal Entretenimiento
Edición 1
Existencias
Fecha de último préstamo Código de barras Última vez visto Volúmen / Fascículo Ejemplar Price effective from Tipo de ítem Perdido Sistema de clasificación Dañado No prestable Tipo de ítem específico Suprimido Ubicación habitual Ubicación actual Localización Fecha de creación Forma de adquisición Costo
07/05/2012 100091069 03/12/2025 DVD 0346 Ej.1 03/02/2013 Multimedia   LOCAL   Préstamo restringido DVD   Procesos Técnicos Procesos Técnicos (no para préstamo) Procesos Técnicos 19/02/2013 Compra 55401.00
08/07/2008 100091061 12/12/2025 DVD 0346 Ej.2 03/02/2013 Multimedia   DEWEY     DVD   Quinta de Mutis Quinta de Mutis Colección digital 19/02/2013 Donación 26000.00